Hedge fondy ako riziková forma kolektívneho investovania diplomová práca

Salvato in:
Dettagli Bibliografici
Autore principale: Kašparová, Petra
Ente Autore: Národohospodárska fakulta EU. Katedra bankovníctva a medzinárodných financií
Altri autori: Chovancová, Božena
Natura: Libro
Lingua:slovacco
Pubblicazione: Bratislava 2010
Tags: Aggiungi Tag
Nessun Tag, puoi essere il primo ad aggiungerne!!

MARC

LEADER 00000nam a2200000 4500
001 0119377
005 20240318122212.7
041 0 |a slo 
044 |a SK 
245 1 0 |a Hedge fondy ako riziková forma kolektívneho investovania  |b diplomová práca  |c Petra Kašparová ; škol. Božena Chovancová 
264 1 |a Bratislava  |c 2010 
300 |a 71 s. 
100 1 |a Kašparová, Petra 
700 1 |a Chovancová, Božena 
710 2 |a Národohospodárska fakulta EU. Katedra bankovníctva a medzinárodných financií